| 000 | 01226nam0a2200337 4500 | ||
|---|---|---|---|
| 001 | RU\NLR\bibl\1182805 | ||
| 005 | 20260406052914.0 | ||
| 010 |
_a978-5-373-01844-9 _93000 |
||
| 021 |
_aRU _b2007-86638 _94677 |
||
| 035 | _a(NLR Aleph) 001169401 | ||
| 090 |
_a1587729 _c1587729 |
||
| 100 | _a20080201d2007 |||y0rusy50 ca | ||
| 101 | 0 | _arus | |
| 102 | _aRU | ||
| 105 | _ay ||||||||| | ||
| 200 | 1 |
_aВода не знает _fДжидду Кришнамурти |
|
| 210 |
_aМосква _cОлма Медиа Групп _d2007 |
||
| 215 |
_a182 с. _cпортр. _d17 |
||
| 225 | 1 | _aБиблиотека издателя Анхеля де Куатьэ | |
| 600 | 0 |
_aКришнамурти _bД. _f1895 - 1986 _gДжидду _91426417 _3RU\NLR\AUTH\66602440 |
|
| 606 | 1 |
_aРелигиозная философия _yИндия _z20 в. _92078120 _3RU\NLR\auth\661253944 |
|
| 686 | _aЮ3(5Ид)6-678 | ||
| 686 | 2 | _aЭ331.81-36-028 | |
| 700 | 1 |
_4070 _8rus _7ca _aКришнамурти _bД. _f1895-1986 _gДжидду _3RU\NLR\auth\777765 _9117696 |
|
| 801 | 0 |
_aRU _bNLR _c20080201 _gRCR |
|
| 801 | 1 |
_aRU _bNLR _c20080201 |
|
| 942 | _cBOOK | ||
| 980 | _aNB | ||